000 00565nam a2200169 a 4500
008 120416s0000 ||||||||||||||||| || u
020 _a0851393977
050 _aNA 6330 Adi
100 _aAdie, Donald W
245 1 0 _aMarines
246 _aa working guide to their development and design
250 _a3rd ed.
260 _aLondon
_bArchitectural Press
_c1984
300 _a367p. : ill.
350 _a0.00
995 _D0.00
_FCBU-MAIN LIBRARY (Kitwe)
_H1
_I49.50
_UAVAILABLE
_ZAnnex Low-Usage Collection
999 _c50354
_d50354